| 000 | 00373 a2200145 4500 | ||
|---|---|---|---|
| 001 | 151089 | ||
| 040 | _cEscola São Tomás de Aquino | ||
| 100 | _aYÁÑEZ, ALBERTO | ||
| 240 | 1 | 0 |
_aTrocando gato por lebre ou menino por vaca _lpor |
| 245 | 1 | 0 | _aTrocando gato por lebre ou menino por vaca |
| 362 | 0 | _a2009 | |
| 440 | 1 | _aRHJ | |
| 697 | _a*LITERATURA INFANTO | ||
| 942 | _cBK | ||
| 999 |
_c151089 _d151089 |
||